000 00575nam a2200229 a 4500
001 nice12345678
003 IN_TiNIC
005 20260116012819.0
008 050524s1981 sina grp 000 0 eng
020 _a9971948
_c100
082 0 0 _a230
_bCCA
245 _aCall to Vulnerable Discipleship
260 _aSingapore
_bChristian Conference of Asia
_c1981
300 _a114p
500 _aincludes index and biblioraphy
505 2 _aIndex
650 _aTheology
710 2 _aChristian Conference of Asia
902 _bSRS
942 _cBK
999 _c8485
_d8485